• 首页
  • 本馆介绍
  • 公告通知
  • 最新文献
  • 馆藏检索
  • 电子资源
  • 读者导购
  • 参考咨询
  • 我的图书馆
  • 登录
  • 详细信息显示
  • 放入我的书架
  • 预约/预借图书
  • 作者相关作品
  • 分类相关作品
  • 丛书相关作品
  • 出版社相关作品

书目信息

  • 表格格式
  • 工作单格式
  • 卡片格式
题名:
成形压力机大功率液压传动系统动态特性计算方法
    
 
作者: 舒尔茨 著 ;邓廷光 译
分册:  
出版信息: 杭州   浙江大学出版社  1985.4
页数: 94页
开本: 19cm
丛书名:
单 册:
中图分类: TQ315.4
科图分类:
主题词: 高聚物--化工机械 , 高聚物--化工设备
电子资源:
ISBN:
000 00679nam0 2200205 45
001 0181011306
005 20060429104024.26
010    @dCNY0.66
100    @a20810111d km y0chiy0120 ea
101 0  @achi
200 1  @a成形压力机大功率液压传动系统动态特性计算方法@Acheng xing ya li ji gong lu ye ya zhuan dong xi tong dong ta@f(联邦德国)勒内·舒尔茨著@F(lian bang de guo)le nei·shu er ci zhu@g邓廷光译
210    @a杭州@c浙江大学出版社@d1985.4
215    @a94页@d19cm
606 0  @a高聚物@x化工机械
606 0  @a高聚物@x化工设备
690    @aTQ315.4
701 0  @a舒尔茨@Ashu er ci@4著
702 0  @a邓廷光@4译
801    @aCN@bTSTC@c20060429
905    @dTQ315.4@e2@f2@b140389-90
    
    成形压力机大功率液压传动系统动态特性计算方法/(联邦德国)勒内·舒尔茨著/邓廷光译.-杭州:浙江大学出版社,1985.4
    94页;19cm
    
    
    ISBN :CNY0.66
    
●
相关链接 在E读中查询图书 在五车中查询图书 在当当中查询图书 在豆瓣中查询图书


正题名:成形压力机大功率液压传动系统动态特性计算方法     索取号:TQ315.4/2         预约/预借

序号 登录号 条形码 馆藏地/架位号 状态 备注
1 0140389   202303836   密集书库/ [索取号:TQ315.4/2] 在馆    
2 0140390   202303863   密集书库/ [索取号:TQ315.4/2] 在馆    
唐山师范学院图书馆 欢迎您!
大连网信软件有限公司© 版权所有